Employment opportunity : Outlook, reason and reality

Bibliographic Details
Main Author: Moss, Alan L.
Format: Book
Published: Upper Saddle River, , Prentice Hall 2000
Subjects:

MARC

LEADER 00000cam a2200000 7i4500
001 0000012607
005 20050418.0
020 |a 0205298001 
040 |a INS 
090 0 0 |a HF5382.5.U5   |b M67 2000 
100 1 |a Moss, Alan L. 
245 1 0 |a Employment opportunity :   |b Outlook, reason and reality   |c Alan L. Moss 
260 |a Upper Saddle River, ,   |c Prentice Hall 2000 
300 |a xiii :   |b 266p ;   |c 24cm. 
650 0 0 |a Vocational guidance   |x United States 
999 |a 0000013849   |b BOOK   |c Open Shelf   |e Default branch